[Event "World Amateur-ch U2300"]
[Site "Muscat"]
[Date "2023.11.07"]
[Round "6"]
[White "Arce Benito, Victor"]
[Black "Pitschka, Claus"]
[Result "1-0"]
[WhiteElo "2001"]
[BlackElo "2098"]
[PlyCount "49"]
[EventDate "2023.11.02"]
[EventType "swiss"]
[EventRounds "9"]
[EventCountry "OMN"]
[SourceTitle "CB46_2023"]
[SourceDate "2023.11.15"]
[SourceVersion "1"]
[SourceVersionDate "2023.11.15"]
[SourceQuality "1"]

1. e4 d6 2. d4 Nf6 3. Nc3 e5 4. Nf3 Nbd7 5. Bc4 Be7 6. 0-0 0-0 7. a4 c6 8. dxe5 dxe5 9. Qe2 Qc7 10. h3 Nc5 11. b3 Be6 12. Ba3 Rae8 13. Rfd1 Bxc4 14. Qxc4 Ne6 15. Bb2 Rd8 16. Ne2 Nd7 17. h4 a5 18. Rxd7 Rxd7 19. Nxe5 Rd2 20. Nf3 Rd7 21. Ng3 Rfd8 22. Qf1 Bc5 23. Nf5 Qf4 24. Re1 g6 25. Be5 1-0

[Event "Pontevedra op-B 10th"]
[Site "Pontevedra"]
[Date "2022.07.29"]
[Round "8.2"]
[White "Pousada Garcia, Daniel"]
[Black "Arce Benito, Victor"]
[Result "0-1"]
[WhiteElo "1932"]
[BlackElo "1943"]
[PlyCount "58"]
[EventDate "2022.07.24"]
[EventType "swiss"]
[EventRounds "9"]
[EventCountry "ESP"]
[SourceTitle "EXT 2023"]
[Source "ChessBase"]
[SourceDate "2022.10.05"]
[SourceVersion "1"]
[SourceVersionDate "2022.10.05"]
[SourceQuality "1"]

1. e4 e5 2. Nf3 Nf6 3. d4 Nxe4 4. Bd3 d5 5. Nxe5 Nd7 6. Nxd7 Bxd7 7. 0-0 Qh4 8. c4 0-0-0 9. c5 Nf6 10. Be2 h5 11. b4 g5 12. Qd3 Re8 13. Nc3 Bg7 14. Qg3 Qxd4 15. Rd1 Rxe2 16. Bb2 Rd2 17. b5 Ne4 18. Rxd2 Qxd2 19. b6 Nxg3 20. bxa7 Bc6 21. a8Q+ Kd7 22. Qa3 Ne2+ 23. Nxe2 Bxb2 24. Qf3 Bxa1 25. h3 Re8 26. Qxf7+ Kc8 27. Ng3 h4 28. Nf5 Re1+ 29. Kh2 Qf4+ 0-1

[Event "Pontevedra op-B 10th"]
[Site "Pontevedra"]
[Date "2022.07.28"]
[Round "7.2"]
[White "Arce Benito, Victor"]
[Black "Mougan Gonzalez, Santiago"]
[Result "1-0"]
[WhiteElo "1943"]
[BlackElo "1872"]
[PlyCount "133"]
[EventDate "2022.07.24"]
[EventType "swiss"]
[EventRounds "9"]
[EventCountry "ESP"]
[SourceTitle "EXT 2023"]
[Source "ChessBase"]
[SourceDate "2022.10.05"]
[SourceVersion "1"]
[SourceVersionDate "2022.10.05"]
[SourceQuality "1"]

1. e4 e5 2. Nf3 Nc6 3. Bc4 Nf6 4. 0-0 Bc5 5. c3 d6 6. d4 Bb6 7. Re1 Bg4 8. d5 Ne7 9. h3 Bd7 10. Nbd2 Ng6 11. Bf1 a6 12. Nh2 0-0 13. b4 Ne8 14. Nc4 Ba7 15. Ne3 Nf4 16. Qf3 f5 17. exf5 Bxf5 18. Nxf5 Rxf5 19. Ng4 Nf6 20. Ne3 e4 21. Nxf5 exf3 22. Bxf4 Nh5 23. Ne7+ Kf7 24. Bg5 Qf8 25. Bd3 g6 26. Re6 fxg2 27. Rae1 Kg7 28. Bh6+ Kxh6 29. Nf5+ Qxf5 30. Bxf5 Rf8 31. Bg4 Bxf2+ 32. Kxg2 Bxe1 33. Rxe1 Nf4+ 34. Kg3 Nxd5 35. Rc1 b6 36. a3 Re8 37. c4 Nf6 38. Bf3 Re3 39. c5 dxc5 40. bxc5 Rxa3 41. c6 a5 42. Re1 Nd5 43. Kf2 Nb4 44. Re7 Ra2+ 45. Kg3 Na6 46. Be2 Nc5 47. Bc4 Rc2 48. Bg8 Rc3+ 49. Kh4 g5+ 50. Kg4 Na6 51. Bxh7 Rc4+ 52. Be4 Rxe4+ 53. Rxe4 Kg6 54. Re6+ Kf7 55. Kf5 a4 56. Rf6+ Ke7 57. Kxg5 Nc5 58. Rf1 b5 59. h4 b4 60. h5 Ne4+ 61. Kg6 b3 62. h6 Nf6 63. Re1+ Kd6 64. Kxf6 b2 65. h7 a3 66. h8Q a2 67. Qh2+ 1-0

[Event "Pontevedra op-B 10th"]
[Site "Pontevedra"]
[Date "2022.07.24"]
[Round "1.4"]
[White "Arce Benito, Victor"]
[Black "Costas Senlle, Noa"]
[Result "1/2-1/2"]
[WhiteElo "1943"]
[BlackElo "1358"]
[PlyCount "142"]
[EventDate "2022.07.24"]
[EventType "swiss"]
[EventRounds "9"]
[EventCountry "ESP"]
[SourceTitle "EXT 2023"]
[Source "ChessBase"]
[SourceDate "2022.10.05"]
[SourceVersion "1"]
[SourceVersionDate "2022.10.05"]
[SourceQuality "1"]

1. e4 c5 2. Nf3 Nf6 3. Nc3 d6 4. d4 cxd4 5. Nxd4 g6 6. Be3 Bg7 7. f3 0-0 8. Qd2 Nc6 9. 0-0-0 Nxd4 10. Bxd4 Be6 11. Kb1 Qc7 12. h4 Rfc8 13. h5 Qa5 14. a3 Rab8 15. h6 Bh8 16. Bxf6 Bxf6 17. Nd5 Qxd2 18. Nxf6+ exf6 19. Rxd2 Rd8 20. Be2 Kf8 21. g4 Ke7 22. f4 g5 23. f5 Bd7 24. Rd4 Bc6 25. Rhd1 b6 26. a4 Rbc8 27. Ba6 Rb8 28. R1d3 Bb7 29. Bb5 Rbc8 30. b4 Rc7 31. Kb2 Rcc8 32. Bc4 Ra8 33. Rb3 Rac8 34. a5 Rb8 35. axb6 axb6 36. Rbd3 Ra8 37. Rd2 Ra4 38. Bb5 Raa8 39. c4 Rac8 40. Kb3 Ra8 41. Ba4 Rac8 42. Ra2 Ra8 43. Rad2 Rac8 44. R4d3 Ra8 45. Bb5 Rab8 46. Kc3 Ra8 47. Kd4 Rac8 48. Ra3 Ra8 49. Rda2 Rxa3 50. Rxa3 Ra8 51. Rxa8 Bxa8 52. Ba4 Kd8 53. Bc2 Kc7 54. Bb3 Kd7 55. c5 dxc5+ 56. bxc5 bxc5+ 57. Kxc5 Ke7 58. Bd5 Bxd5 59. Kxd5 Kd7 60. e5 fxe5 61. Kxe5 Ke7 62. Kd5 Kd7 63. Kc5 Kc7 64. Kd4 Kd6 65. Ke4 Ke7 66. Ke5 f6+ 67. Ke4 Ke8 68. Ke3 Ke7 69. Kd3 Kd7 70. Kd4 Kd6 71. Kc4 Kc6 1/2-1/2